The noble scholar, jurist, historian


 His Excellency Dr. Abdul Wahhab bin Ibrahim Abu Sulaiman, may Allah have mercy on him.


 He was born in Umm Al-Qura in the year 1356 AH.

أسماء السور القرآنية : (Record no. 2069)

MARC details
000 -LEADER
fixed length control field 02039cam a2200289 i 4500
003 - CONTROL NUMBER IDENTIFIER
control field SA-RiAUC
005 - DATE AND TIME OF LATEST TRANSACTION
control field 20241104150426.0
008 - FIXED-LENGTH DATA ELEMENTS--GENERAL INFORMATION
fixed length control field 241030s2003____xx g 000 0 ara c
024 0# - OTHER STANDARD IDENTIFIER
Standard number or code 00000000969214
040 ## - CATALOGING SOURCE
Original cataloging agency SA-JeALM
Language of cataloging ara
Transcribing agency SA-RiAUC
Modifying agency AE-DuMBRL
Description conventions rda
082 04 - DEWEY DECIMAL CLASSIFICATION NUMBER
Classification number 221.131
Assigning agency SA-RiAUC
090 ## - LOCALLY ASSIGNED LC-TYPE CALL NUMBER (OCLC); LOCAL CALL NUMBER (RLIN)
Classification number (OCLC) (R) ; Classification number, CALL (RLIN) (NR) 221.131
Local cutter number (OCLC) ; Book number/undivided call number, CALL (RLIN) ج ا ب
100 1# - MAIN ENTRY--PERSONAL NAME
Personal name الجابري، سيف بن راشد،
Dates associated with a name 1960-
Relator term مؤلف.
245 10 - TITLE STATEMENT
Title أسماء السور القرآنية :
Remainder of title دلالات وإشارات /
Statement of responsibility, etc. تأليف الدكتور سيف بن راشد الجابري.
250 ## - EDITION STATEMENT
Edition statement الطبعة الاولى.
264 #3 - PRODUCTION, PUBLICATION, DISTRIBUTION, MANUFACTURE, AND COPYRIGHT NOTICE
Place of production, publication, distribution, manufacture [مكان النشر غير محدد] :
Name of producer, publisher, distributor, manufacturer نايل بدوي آدم
Date of production, publication, distribution, manufacture, or copyright notice 2002
300 ## - PHYSICAL DESCRIPTION
Extent 564 صفحة ؛
Dimensions 24 × 17 سم
336 ## - CONTENT TYPE
Content type term نص
Content type code txt
Source rdacontent
Materials specified كتاب
337 ## - MEDIA TYPE
Media type term بدون وسيط
Media type code n
Source rdamedia
338 ## - CARRIER TYPE
Carrier type term مجلد
Carrier type code nc
Source rdacarrier
520 ## - SUMMARY, ETC.
Summary, etc. يتناول كتاب (أسماء السور القرآنية دلالات وإشارات) والذي قام بتأليفه د. سيف بن راشد الجابري، موضوع (أسماء السور القرآنية) هذا كتاب تناول موضوعا جديدا من المواضيع القرآنية التي لم تصادف من يعنى بها، أو يبحث فيها على غاية أهميتها.. وقد فتح الباحث بهذه الرسالة المبتكرة بابا يتسع للكثيرين بعده أن ينهجوا هذا النهج الواعد في إبراز الأسرار والحكم واللطائف في المناسبة، بين اسم السورة ومحتواها، وهو ما فعله الباحث مفتتحا به هذا الباب الواسع الذي سيتبعه آخرون حتى يصبح هذا الباب من علوم القرآن.
630 27 - SUBJECT ADDED ENTRY--UNIFORM TITLE
Uniform title القرآن
General subdivision سور وآيات
Source of heading or term aucut
730 22 - ADDED ENTRY--UNIFORM TITLE
Uniform title القرآن
942 ## - ADDED ENTRY ELEMENTS (KOHA)
Source of classification or shelving scheme Dewey Decimal Classification
Koha item type Books
Suppress in OPAC No
949 ## - LOCAL PROCESSING INFORMATION (OCLC)
a SA-JeALM
d 241030
u mohamedma123
n 1
Holdings
Withdrawn status Lost status Source of classification or shelving scheme Damaged status Not for loan Home library Current library Date acquired Total checkouts Full call number Barcode Date last seen Price effective from Koha item type
    Dewey Decimal Classification     DR AbdElwahab Library DR AbdElwahab Library 11/04/2024   221.131 ج ا ب 000003214 11/04/2024 11/04/2024 Books
    Dewey Decimal Classification     DR AbdElwahab Library DR AbdElwahab Library 12/02/2024   221.131 ج ا ب 000004576 12/02/2024 12/02/2024 Books